00459nam a2200133Ia 45000010005000000080041000050820025000461000070000712450119001412600017002605900007002779010026002849990015003101692241024s9999 xx 000 0 und d aRD/344.09/R426l/2011 aRepública Dominicana (leyes,etc).Archivo General de la Nación 0aLey General de Archivos de la República Dominicana No. 481-08 y su Reglamento de Aplicación-Decreto No. 129-01 bBúhoc2011 asi a9/8/2011 4:14:04 p.m. c9556d9556